Military arms exports by country - Statistics

General Stats
  • This quiz has been taken 33 times
  • The average score is 17 of 20
Answer Stats
World (%) Country % Correct
7.8 Russia
100%
5.9 China
97%
9.6 France
97%
3.6 United Kingdom
97%
43 United States
97%
5.6 Germany
94%
4.8 Italy
94%
3.0 Spain
85%
0.6 Canada
82%
3.1 Israel
82%
2.2 South Korea
82%
1.7 Türkiye
82%
0.4 Iran
79%
1.0 Poland
79%
0.5 Australia
76%
1.2 Netherlands
76%
0.9 Sweden
76%
0.3 Ukraine
76%
0.8 Norway
64%
0.4 Switzerland
48%
No matching quizzes found
Score Distribution
Percent of People with Each Score
Percentile by Number Answered
Your Score History
You have not taken this quiz